| 000 | 00885nam a22002177a 4500 | ||
|---|---|---|---|
| 003 | OSt | ||
| 005 | 20170608093031.0 | ||
| 008 | 150408b2011 slv spa | ||
| 040 | _cBMC | ||
| 082 | _a720 | ||
| 100 | 1 |
_934474 _aArana Rosil, German Alfredo |
|
| 245 | 1 |
_aPasantía en Frilans Estudio _b: Informe final _cGerman Alfredo Arana Rosil |
|
| 260 |
_aSanta Ana (El Salvador) _bUniversidad Católica de El Salvador _c2011 |
||
| 300 |
_a126 h. _bil., planos _c28 cm _e+ 1 disco compacto |
||
| 500 | _aPrecede al tít.: Universidad Católica de El Salvador, Facultad de Ingeniería y Arquitectura | ||
| 501 | _aPeríodo de realización: del 9 de febrero al 9 de agosto de 2011 | ||
| 502 | _aPara optar al título de Arquitecto | ||
| 650 | 2 | 4 |
_94437 _aArquitectura |
| 710 | 2 |
_91166 _aUniversidad Católica de El Salvador _bFacultad de Ingeniería y Arquitectura |
|
| 942 |
_2ddc _cTG |
||
| 999 |
_c21001 _d21001 |
||